[Event "Sparkassen-Open B"]
[Site "Heusenstamm, Martinsee"]
[Date "2016.11.27"]
[Round "1.1"]
[White "Sikorra, Philipp"]
[Black "Hagner, Bennet"]
[Result "1-0"]
[WhiteElo "1790"]
[BlackElo "1543"]
[PlyCount "67"]
[EventDate "2016.??.??"]
[WhiteTeam "SC Ladja Roßdorf"]
[BlackTeam "Frankfurter TV"]

1. e4 c6 2. Nf3 d5 3. Nc3 Bg4 4. h3 Bh5 5. d4 dxe4 6. Nxe4 Bxf3 7. gxf3 Nf6 8.
Bg5 h6 9. Bh4 Nbd7 10. Qe2 Qa5+ 11. c3 O-O-O 12. Bg3 Nh5 13. Bh2 Ndf6 14. Nc5
e5 15. h4 Bxc5 16. Bh3+ Kb8 17. Qxe5+ Ka8 18. Qxc5 Rhe8+ 19. Kf1 Qa6+ 20. Kg2
Qe2 21. Rhe1 Qxb2 22. Rab1 Qc2 23. Rec1 Qg6+ 24. Kh1 Rd5 25. Qc4 Nd7 26. Re1
Rd8 27. Re7 Qxb1+ 28. Bf1 Qd1 29. Kg2 Nb6 30. Qb4 R5d6 31. Qxd6 Rc8 32. Rxf7
Qb1 33. Rf8 Qf5 34. Rxf5 1-0

[Event "Sparkassen-Open B"]
[Site "Heusenstamm, Martinsee"]
[Date "2016.11.27"]
[Round "1.2"]
[White "Mook, Karl-Jürgen"]
[Black "Bayer, Martin"]
[Result "1/2-1/2"]
[WhiteElo "1535"]
[BlackElo "1765"]
[PlyCount "54"]
[EventDate "2016.??.??"]
[WhiteTeam "SC Sulzbach"]
[BlackTeam "SK Gründau"]

1. e4 e5 2. Nf3 Nc6 3. Be2 Bc5 4. O-O d6 5. Nc3 f5 6. d3 f4 7. Na4 Bb6 8. Bd2
g5 9. Nxb6 axb6 10. Bc3 g4 11. Ne1 Nf6 12. f3 h5 13. d4 gxf3 14. Bxf3 Bg4 15.
dxe5 Bxf3 16. Rxf3 Nxe4 17. Qd3 Nxc3 18. Qg6+ Kd7 19. Qf5+ Ke8 20. Qg6+ Kd7 21.
Qf5+ Ke7 22. Qf6+ Kd7 23. Qf5+ Ke8 24. Qg6+ Ke7 25. Qf6+ Kd7 26. Qf5+ Ke7 27.
Qf6+ Kd7 1/2-1/2

[Event "Sparkassen-Open B"]
[Site "Heusenstamm, Martinsee"]
[Date "2016.11.27"]
[Round "1.3"]
[White "Schneider, Udo"]
[Black "Goodwin, David"]
[Result "1/2-1/2"]
[WhiteElo "1762"]
[BlackElo "1529"]
[PlyCount "68"]
[EventDate "2016.??.??"]
[WhiteTeam "SK Marburg"]
[BlackTeam "SV Kelsterbach"]

1. d4 g6 2. c4 Bg7 3. Nf3 d6 4. h3 Nd7 5. Nc3 c5 6. g3 cxd4 7. Nxd4 a6 8. Bg2
Ngf6 9. Be3 O-O 10. O-O Ne5 11. b3 Qc7 12. Rc1 Nc6 13. Nd5 Qd8 14. Kh2 Nxd5 15.
cxd5 Nxd4 16. Bxd4 Bxd4 17. Qxd4 Bd7 18. Rc2 Rc8 19. Rfc1 Rxc2 20. Rxc2 Qb8 21.
Qe3 e6 22. Qb6 e5 23. Rc7 Bb5 24. e4 Qd8 25. Rxb7 Qf6 26. Kg1 h5 27. a4 Be8 28.
Qxa6 h4 29. Qb6 hxg3 30. fxg3 Qg5 31. Kh2 f5 32. exf5 gxf5 33. Qxd6 f4 34. Re7
fxg3+ 1/2-1/2

[Event "Sparkassen-Open B"]
[Site "Heusenstamm, Martinsee"]
[Date "2016.11.27"]
[Round "1.4"]
[White "Riemann, Jonas"]
[Black "Künitz, Klaus"]
[Result "1/2-1/2"]
[WhiteElo "1527"]
[BlackElo "1757"]
[PlyCount "44"]
[EventDate "2016.??.??"]
[WhiteTeam "SK Bickenbach"]
[BlackTeam "TSV Schott Mainz"]

1. e4 e6 2. d4 d5 3. exd5 exd5 4. Bd3 Bd6 5. Qf3 Nc6 6. c3 Be6 7. Ne2 Qd7 8. h3
Nge7 9. Bf4 O-O-O 10. Nd2 Ng6 11. O-O Nce7 12. Bxd6 Qxd6 13. c4 Kb8 14. c5 Qd7
15. a4 Nh4 16. Qg3 Nef5 17. Bxf5 Nxf5 18. Qb3 g5 19. Nf3 f6 20. Nh2 h5 21. Rfc1
Qc6 22. Nf1 Rdg8 1/2-1/2

[Event "Sparkassen-Open B"]
[Site "Heusenstamm, Martinsee"]
[Date "2016.11.27"]
[Round "1.5"]
[White "Schlömer, Andreas"]
[Black "Kirchner, Stefan"]
[Result "1/2-1/2"]
[WhiteElo "1756"]
[BlackElo "1509"]
[PlyCount "76"]
[EventDate "2016.??.??"]
[WhiteTeam "SK Upland Willingen"]
[BlackTeam "SF Schöneck"]

1. c4 f5 2. g3 d6 3. Bg2 Nd7 4. Nc3 c6 5. d4 g6 6. Nf3 Ngf6 7. O-O Bg7 8. b3
O-O 9. Ng5 Nb6 10. Bb2 e5 11. dxe5 dxe5 12. e4 h6 13. Nf3 Qc7 14. exf5 Bxf5 15.
Re1 Nbd7 16. Nh4 Rad8 17. Nxf5 gxf5 18. Qc2 e4 19. Rad1 a5 20. Ne2 Nc5 21. Nf4
Rfe8 22. Bh3 Ng4 23. Bxg7 Qxg7 24. a3 Qg5 25. b4 axb4 26. axb4 Rxd1 27. Rxd1 e3
28. Bxg4 exf2+ 29. Qxf2 Ne4 30. Qe2 Nf6 31. Ne6 Nxg4 32. Nxg5 Rxe2 33. Rd8+ Kg7
34. h3 Ne3 35. Ne6+ Kf6 36. Nf4 Rb2 37. Rd6+ Kf7 38. Rd7+ Kf6 1/2-1/2

[Event "Sparkassen-Open B"]
[Site "Heusenstamm, Martinsee"]
[Date "2016.11.27"]
[Round "1.6"]
[White "Lehmann, Nils"]
[Black "Füssel, Jan Michael"]
[Result "0-1"]
[WhiteElo "1505"]
[BlackElo "1754"]
[PlyCount "108"]
[EventDate "2016.??.??"]
[WhiteTeam "SV Lahn Limburg"]
[BlackTeam "VSG Offenbach"]

1. e4 c5 2. Nf3 Nc6 3. d4 cxd4 4. Nxd4 g6 5. Nc3 Bg7 6. Nxc6 bxc6 7. Bc4 Qb6 8.
O-O Qb4 9. Qd3 d6 10. a3 Qa5 11. Bg5 Qxg5 12. Qf3 Qf6 13. Qxf6 Nxf6 14. f4 O-O
15. e5 Ne8 16. exd6 Bd4+ 17. Kh1 exd6 18. Bd3 Bxc3 19. bxc3 Ng7 20. Rae1 Be6
21. h3 Rfe8 22. Kg1 Bf5 23. g4 Bxd3 24. cxd3 Rxe1 25. Rxe1 Ne6 26. f5 gxf5 27.
gxf5 Nf4 28. Re3 Kf8 29. d4 Re8 30. Rf3 Nd5 31. c4 Nb6 32. c5 dxc5 33. dxc5 Nd5
34. Kf2 Re4 35. Kg3 Re3 36. Kg4 Rxf3 37. Kxf3 Ke7 38. Ke4 Kf6 39. h4 h5 40. a4
Nc3+ 41. Kd4 Nxa4 42. Kc4 a5 43. Kd4 Kxf5 44. Kc4 Ke4 45. Kb3 Nxc5+ 46. Ka3 f5
47. Kb2 f4 48. Ka1 f3 49. Kb2 f2 50. Ka2 f1=Q 51. Ka3 Qd3+ 52. Ka2 Qb5 53. Ka1
Nd3 54. Ka2 Qb2# 0-1

[Event "Sparkassen-Open B"]
[Site "Heusenstamm, Martinsee"]
[Date "2016.11.27"]
[Round "1.7"]
[White "Bjoerknes, Uwe"]
[Black "Mayer, Rolf"]
[Result "1/2-1/2"]
[WhiteElo "1748"]
[BlackElo "1504"]
[PlyCount "33"]
[EventDate "2016.??.??"]
[WhiteTeam "SC Bergen-Enkheim"]
[BlackTeam "SC Flörsheim"]

1. e4 d6 2. f4 Nf6 3. d3 g6 4. Nf3 Bg7 5. Be2 O-O 6. O-O c5 7. Kh1 Nc6 8. c3
Qc7 9. Qe1 e5 10. Ng5 h6 11. Nh3 Bxh3 12. gxh3 Qd7 13. Qg3 Rae8 14. f5 Kh7 15.
Na3 d5 16. Rg1 Rg8 17. fxg6+ 1/2-1/2

[Event "Sparkassen-Open B"]
[Site "Heusenstamm, Martinsee"]
[Date "2016.11.27"]
[Round "1.8"]
[White "Jung, Kenny"]
[Black "Hauk, Roland"]
[Result "1/2-1/2"]
[WhiteElo "1501"]
[BlackElo "1739"]
[PlyCount "39"]
[EventDate "2016.??.??"]
[WhiteTeam "SF Schöneck"]
[BlackTeam "SK Endingen"]

1. e4 e6 2. d4 d5 3. exd5 exd5 4. Nf3 Nf6 5. Bd3 c5 6. c3 Nc6 7. Be3 cxd4 8.
Nxd4 Ne5 9. Bc2 Bg4 10. f3 Bd7 11. Nd2 Nc6 12. N2b3 g6 13. Qe2 Qe7 14. Nb5 Be6
15. Bc5 Qd7 16. Bd4 Nxd4 17. N3xd4 Bg7 18. Nxe6 fxe6 19. O-O-O O-O 20. Bb3
1/2-1/2

[Event "Sparkassen-Open B"]
[Site "Heusenstamm, Martinsee"]
[Date "2016.11.27"]
[Round "1.9"]
[White "Hübner, Kai"]
[Black "Troeger, Beate"]
[Result "1-0"]
[WhiteElo "1734"]
[BlackElo "1499"]
[PlyCount "81"]
[EventDate "2016.??.??"]
[WhiteTeam "SC Flörsheim"]
[BlackTeam "Vorw.Orient Mainz"]

1. d4 d6 2. Bf4 g6 3. e3 Bg7 4. h3 Nf6 5. Nf3 e6 6. Nbd2 a6 7. c3 b5 8. a4 bxa4
9. Qxa4+ Bd7 10. Qc2 O-O 11. Bd3 d5 12. O-O a5 13. Ne5 Nh5 14. Bh2 f5 15. Nxd7
Qxd7 16. Qa4 Qxa4 17. Rxa4 c6 18. Rfa1 Nd7 19. Rxa5 Rxa5 20. Rxa5 Rc8 21. Ra7
Nhf6 22. Ba6 Re8 23. b4 e5 24. dxe5 Nxe5 25. Bxe5 Rxe5 26. Rc7 Re6 27. Bb7 f4
28. Rxc6 Rxc6 29. Bxc6 fxe3 30. fxe3 Bh6 31. Kf2 Bf8 32. b5 Bd6 33. e4 Bc5+ 34.
Kf3 dxe4+ 35. Nxe4 Nxe4 36. Kxe4 Kf7 37. Kd5 Ba7 38. c4 Kf6 39. c5 Ke7 40. b6
Bb8 41. Bb5 1-0

[Event "Sparkassen-Open B"]
[Site "Heusenstamm, Martinsee"]
[Date "2016.11.27"]
[Round "1.11"]
[White "Lietzau, Olaf"]
[Black "Prümm, Stephan"]
[Result "1-0"]
[WhiteElo "1728"]
[BlackElo "1482"]
[PlyCount "85"]
[EventDate "2016.??.??"]
[WhiteTeam "SC Obertshausen"]
[BlackTeam "SC Heusenstamm"]

1. Nf3 f5 2. d3 Nf6 3. e4 d6 4. Nbd2 e5 5. g3 Be7 6. Bg2 O-O 7. O-O c6 8. exf5
Bxf5 9. Nc4 Qc8 10. Bg5 Bh3 11. Bxf6 Rxf6 12. Bxh3 Qxh3 13. Ng5 Qf5 14. Ne4 Rh6
15. g4 Qf4 16. Ng3 Nd7 17. Ne3 Rf8 18. Ng2 Qf7 19. Nf5 Rh3 20. f3 d5 21. Nxe7+
Qxe7 22. Qe2 Qc5+ 23. Ne3 Nf6 24. Kg2 Rh6 25. Nf5 Rg6 26. d4 exd4 27. Ne7+ Kf7
28. Nxg6 hxg6 29. Qd2 Rh8 30. Rf2 Qd6 31. h3 c5 32. Re1 b5 33. Qg5 c4 34. Rd2
Qb4 35. Qf4 d3 36. g5 Rh4 37. Qe3 dxc2 38. gxf6 gxf6 39. Rxd5 g5 40. Qe8+ Kg7
41. Rd7+ Kh6 42. Qh8+ Kg6 43. Qg8+ 1-0

[Event "Sparkassen-Open B"]
[Site "Heusenstamm, Martinsee"]
[Date "2016.11.27"]
[Round "1.12"]
[White "Held, Gerd"]
[Black "Mügendt, Brian Christopher"]
[Result "0-1"]
[WhiteElo "1464"]
[BlackElo "1720"]
[PlyCount "106"]
[EventDate "2016.??.??"]
[WhiteTeam "SC Groß-Zimmern"]
[BlackTeam "SC Heusenstamm"]

1. c4 Nf6 2. g3 c5 3. Bg2 g6 4. Nf3 Bg7 5. O-O Nc6 6. d3 d6 7. Nc3 Bd7 8. a3
Qc8 9. Re1 Bh3 10. Bh1 h6 11. Rb1 Ng4 12. Bd2 a5 13. Nd5 Ra6 14. Bc3 Nge5 15.
Nxe5 Bxe5 16. Bxe5 dxe5 17. Bg2 Bxg2 18. Kxg2 h5 19. e3 h4 20. Qf3 g5 21. h3 f5
22. g4 fxg4 23. Qxg4 Qxg4+ 24. hxg4 Kd7 25. Nc3 Nd8 26. Ne4 Ne6 27. b4 axb4 28.
axb4 cxb4 29. Rxb4 b6 30. Reb1 Kc6 31. Rb5 Nc5 32. Nxc5 bxc5 33. Rb8 Rxb8 34.
Rxb8 Ra3 35. Rd8 e6 36. Rg8 Rxd3 37. Rxg5 Rc3 38. Rxe5 Kd6 39. Re4 e5 40. g5
Ke6 41. Rxh4 Kf5 42. f4 Rxe3 43. fxe5 Kxg5 44. Rh3 Rxh3 45. Kxh3 Kf5 46. e6
Kxe6 47. Kg3 Ke5 48. Kf3 Kd4 49. Ke2 Kxc4 50. Kd2 Kb3 51. Kc1 Kc3 52. Kd1 Kb2
53. Kd2 c4 0-1

[Event "Sparkassen-Open B"]
[Site "Heusenstamm, Martinsee"]
[Date "2016.11.27"]
[Round "1.14"]
[White "Popp, Johann"]
[Black "Held, Maurice"]
[Result "0-1"]
[WhiteElo "1442"]
[BlackElo "1707"]
[PlyCount "96"]
[EventDate "2016.??.??"]
[WhiteTeam "SG Rödermark"]
[BlackTeam "SC Ladja Roßdorf"]

1. d4 g6 2. c4 Bg7 3. Nc3 c5 4. Nf3 cxd4 5. Nxd4 Nc6 6. e3 Nf6 7. Be2 O-O 8.
O-O d6 9. b3 Bd7 10. Bb2 Ne8 11. Bf3 Nc7 12. Nxc6 Bxc6 13. Bxc6 bxc6 14. Qc2
Ne6 15. Ne2 Qb6 16. Bxg7 Kxg7 17. Rfd1 a5 18. a4 Rab8 19. Rab1 Rb7 20. Rb2 Rfb8
21. Rdb1 Nc5 22. Nc3 Qc7 23. Ne4 Nxe4 24. Qxe4 Rb4 25. Qd3 R8b7 26. h3 Qb8 27.
g3 e5 28. Qc3 Qa7 29. Qd3 Qc5 30. Rd1 Rd7 31. e4 Qb6 32. Kg2 Rxa4 33. bxa4 Qxb2
34. c5 d5 35. exd5 Rxd5 36. Qf1 Rxc5 37. Rd7 Qb4 38. Qe2 Qxa4 39. Qf3 Qc4 40.
h4 h5 41. Rd6 f5 42. Rd7+ Kh6 43. Qe3+ f4 44. gxf4 exf4 45. Rh7+ Kxh7 46. Qe7+
Kg8 47. Qe8+ Kg7 48. Qe7+ Qf7 0-1

[Event "Sparkassen-Open B"]
[Site "Heusenstamm, Martinsee"]
[Date "2016.11.27"]
[Round "1.15"]
[White "Bahr, Arne"]
[Black "Fritsch, Reinhold"]
[Result "1-0"]
[WhiteElo "1702"]
[BlackElo "1441"]
[PlyCount "89"]
[EventDate "2016.??.??"]
[WhiteTeam "SG Turm Kiel"]
[BlackTeam "SC Somborn"]

1. f4 Nf6 2. b3 d6 3. Bb2 Nbd7 4. Nf3 g6 5. e3 Bg7 6. Be2 b6 7. O-O O-O 8. c4
Bb7 9. d3 Ng4 10. Bxg7 Kxg7 11. Qc1 e6 12. Na3 a6 13. h3 Ngf6 14. Qc3 Kg8 15.
Nh2 Qe7 16. Nc2 Ne8 17. Qe1 Ndf6 18. e4 Ng7 19. Ne3 Qd7 20. Qh4 Qd8 21. Qh6
Nfh5 22. Bxh5 Nxh5 23. Nf3 Qf6 24. Ng5 Qg7 25. Qxg7+ Kxg7 26. g4 Nf6 27. Nf3 h6
28. Kf2 Nd7 29. Ke2 Rad8 30. Nd2 a5 31. Rab1 Ra8 32. Nc2 c5 33. a4 f5 34. Rf2
Rf7 35. Rbf1 Raf8 36. Ne3 fxg4 37. hxg4 Nb8 38. Ng2 Nc6 39. Nf3 Nb4 40. Kd2 Nc6
41. Kc3 Bc8 42. Kd2 e5 43. f5 Rh8 44. fxg6 Kxg6 45. Nfh4+ 1-0

[Event "Sparkassen-Open B"]
[Site "Heusenstamm, Martinsee"]
[Date "2016.11.27"]
[Round "1.16"]
[White "Spill, Werner"]
[Black "Pogosian, Norair"]
[Result "0-1"]
[WhiteElo "1436"]
[BlackElo "1697"]
[PlyCount "58"]
[EventDate "2016.??.??"]
[WhiteTeam "SC Königsspringer Alzenau"]
[BlackTeam "SK Ötigheim"]

1. Nc3 d5 2. e4 d4 3. Nce2 e5 4. Ng3 Be6 5. Nf3 f6 6. a3 Bd6 7. d3 Ne7 8. Nh5
Rg8 9. Nh4 Nd7 10. f4 g6 11. f5 gxf5 12. exf5 Nxf5 13. Nxf5 Bxf5 14. Qf3 Bg6
15. Bh6 Qe7 16. O-O-O O-O-O 17. g3 Qf7 18. Bg2 c6 19. g4 Bxh5 20. gxh5 Qa2 21.
Bh3 Qa1+ 22. Kd2 Qxb2 23. Rb1 Qc3+ 24. Kd1 Bxa3 25. Rb3 Qa5 26. Bxd7+ Rxd7 27.
Bc1 Bxc1 28. Kxc1 Qd5 29. Qf1 Rdg7 0-1

[Event "Sparkassen-Open B"]
[Site "Heusenstamm, Martinsee"]
[Date "2016.11.27"]
[Round "1.17"]
[White "Krychevskiy, Dmytro"]
[Black "Gruber, Marcel"]
[Result "1-0"]
[WhiteElo "1692"]
[BlackElo "1431"]
[PlyCount "77"]
[EventDate "2016.??.??"]
[WhiteTeam "SV Oberursel"]
[BlackTeam "Vorw.Orient Mainz"]

1. e4 c5 2. Nf3 Nc6 3. d4 cxd4 4. Nxd4 e5 5. Nb5 d6 6. c4 a6 7. N5a3 Nf6 8. Nc3
Be7 9. Be2 O-O 10. Be3 Be6 11. Qd2 Rc8 12. f3 Ne8 13. Nd5 f5 14. Bb6 Qd7 15.
O-O-O fxe4 16. fxe4 Nf6 17. Bd3 Kh8 18. Kb1 Bd8 19. Be3 Ng4 20. Rhf1 Ba5 21.
Qc1 Nxe3 22. Qxe3 Nd4 23. Nc2 Nxc2 24. Bxc2 Bxd5 25. exd5 Qc7 26. Qh3 h6 27.
Qg4 g5 28. Qe6 Qg7 29. Qxd6 Bc7 30. Qe6 Rce8 31. Rxf8+ Rxf8 32. d6 Bd8 33. Re1
Bf6 34. Rf1 Bd8 35. Rxf8+ Qxf8 36. Qxe5+ Kg8 37. Qd5+ Kh8 38. a3 Qf1+ 39. Ka2
1-0

[Event "Sparkassen-Open B"]
[Site "Heusenstamm, Martinsee"]
[Date "2016.11.27"]
[Round "1.18"]
[White "Lambrecht, Harald"]
[Black "Peteani, Damien"]
[Result "0-1"]
[WhiteElo "1427"]
[BlackElo "1679"]
[PlyCount "74"]
[EventDate "2016.??.??"]
[WhiteTeam "SK Celle-Westercelle"]
[BlackTeam "SV Groß-Gerau"]

1. d4 f5 2. Nf3 Nf6 3. h4 g6 4. h5 Nxh5 5. Rxh5 gxh5 6. e4 d6 7. Ng5 c6 8.
Qxh5+ Kd7 9. Nf7 Qe8 10. Qxf5+ Kc7 11. Qf3 Rg8 12. Nc3 Bg4 13. Qf4 Nd7 14. Nh6
Bxh6 15. Qxh6 Nf6 16. f3 Be6 17. Be3 Rg6 18. Qh2 Qf7 19. e5 Nd5 20. exd6+ exd6
21. Nxd5+ Bxd5 22. O-O-O Re8 23. Bf2 Qg7 24. b3 Qh6+ 25. Qxh6 Rxh6 26. c4 Bf7
27. Bd3 Bg6 28. Bxg6 hxg6 29. Kd2 Rh2 30. Rg1 Rh7 31. Bg3 Kd7 32. c5 dxc5 33.
dxc5 Rh5 34. Bd6 Rd5+ 35. Kc3 Re3+ 36. Kc4 b6 37. cxb6 Kxd6 0-1

[Event "Sparkassen-Open B"]
[Site "Heusenstamm, Martinsee"]
[Date "2016.11.27"]
[Round "1.19"]
[White "Mehl, Ulrich"]
[Black "Martin, Lukas"]
[Result "1-0"]
[WhiteElo "1556"]
[BlackElo "1421"]
[PlyCount "53"]
[EventDate "2016.??.??"]
[WhiteTeam "FV Berkersheim"]
[BlackTeam "SC Bad Soden"]

1. d4 d5 2. c4 e6 3. Nc3 Nf6 4. Bg5 c5 5. e3 Nc6 6. Nf3 Bd6 7. Bxf6 Qxf6 8.
cxd5 exd5 9. Nxd5 Qe6 10. dxc5 Bb8 11. Bc4 Qg4 12. Qe2 O-O 13. O-O Qh5 14. Nf4
Bxf4 15. exf4 Bg4 16. Rad1 Rfe8 17. Qd2 Rad8 18. Qc2 Re4 19. Rxd8+ Nxd8 20. Qd3
Re8 21. Ng5 g6 22. Qb3 Re7 23. f3 Bd7 24. Rd1 Qh4 25. g3 Qh5 26. Ne4 Qf5 27.
Rd5 1-0

[Event "Sparkassen-Open B"]
[Site "Heusenstamm, Martinsee"]
[Date "2016.11.27"]
[Round "1.20"]
[White "Brunner, Andreas"]
[Black "Schneider, Kevin"]
[Result "1/2-1/2"]
[WhiteElo "1413"]
[BlackElo "1671"]
[PlyCount "148"]
[EventDate "2016.??.??"]
[WhiteTeam "FV Berkersheim"]
[BlackTeam "SC Breuberg"]

1. d4 Nf6 2. c4 e6 3. e3 Be7 4. Bd3 d5 5. Nf3 b6 6. Qa4+ Qd7 7. Qxd7+ Nbxd7 8.
O-O Bb7 9. Nc3 O-O 10. b3 Rfd8 11. Rd1 c5 12. Bb2 cxd4 13. exd4 dxc4 14. Bxc4
a6 15. Ne2 b5 16. Bd3 Nb6 17. Ne5 Nfd5 18. Rac1 Rac8 19. Rxc8 Rxc8 20. Rc1
Rxc1+ 21. Bxc1 f6 22. Ng4 h5 23. Ne3 f5 24. Nxf5 exf5 25. Bxf5 Kf7 26. f3 g6
27. Bb1 Bf6 28. Bd2 Nc8 29. Bc1 Nd6 30. Bb2 b4 31. Bd3 Nb5 32. Bxb5 axb5 33.
Kf2 Bc8 34. a3 bxa3 35. Bxa3 b4 36. Bb2 Bf5 37. g3 Bc2 38. Nc1 Ke6 39. Ke2 Bg5
40. f4 Bf6 41. Kd2 Bf5 42. Ne2 Nc7 43. Nc1 Kd5 44. Na2 Be7 45. Nc1 Nb5 46. Ke3
Na7 47. Na2 Nc6 48. Nc1 Bf6 49. Na2 Bc2 50. Nc1 Bxd4+ 51. Bxd4 Nxd4 52. Na2 Kc5
53. Nxb4 Kxb4 54. Kxd4 Bf5 55. Ke5 Kxb3 56. Kf6 Kc4 57. Kg5 Kd5 58. h3 Ke6 59.
g4 hxg4 60. hxg4 Bb1 61. f5+ Bxf5 62. gxf5+ gxf5 63. Kf4 Kf6 64. Kf3 Kg5 65.
Kg3 Kh6 66. Kf4 Kg6 67. Kf3 Kg5 68. Kg3 f4+ 69. Kf3 Kf5 70. Kf2 Ke5 71. Kf3 Kf5
72. Kf2 Kg4 73. Kg2 f3+ 74. Kf2 Kf4 1/2-1/2

[Event "Sparkassen-Open B"]
[Site "Heusenstamm, Martinsee"]
[Date "2016.11.27"]
[Round "1.21"]
[White "Hambel, Christoph"]
[Black "Herdt, Werner"]
[Result "1/2-1/2"]
[WhiteElo "1671"]
[BlackElo "1404"]
[PlyCount "85"]
[EventDate "2016.??.??"]
[WhiteTeam "Bad Vilbeler Sfr"]
[BlackTeam "SF Heusenstamm"]

1. e4 c5 2. Nc3 e6 3. f4 d6 4. Nf3 Nc6 5. g3 Nf6 6. Bg2 Rb8 7. d3 b6 8. O-O Be7
9. Ne2 O-O 10. b3 Bb7 11. Bb2 Ng4 12. Qd2 Bf6 13. c3 Be7 14. Rae1 e5 15. h3 Nf6
16. c4 Nd7 17. Nc3 Nd4 18. Nd5 Nxf3+ 19. Rxf3 Bxd5 20. exd5 Bf6 21. Qe2 Qc7 22.
fxe5 Bxe5 23. Bc1 Rbe8 24. Kh1 Qd8 25. Qf1 Bd4 26. Rf4 Rxe1 27. Qxe1 Re8 28.
Re4 Rxe4 29. Bxe4 Qf6 30. Kg2 Be5 31. h4 h6 32. Qe2 Nf8 33. Qg4 Bd4 34. Bf4 Be5
35. Be3 Bd4 36. Qf3 Qxf3+ 37. Kxf3 Bxe3 38. Kxe3 g6 39. d4 Nd7 40. a3 Kg7 41.
b4 cxb4 42. axb4 f5 43. Bc2 1/2-1/2

[Event "Sparkassen-Open B"]
[Site "Heusenstamm, Martinsee"]
[Date "2016.11.27"]
[Round "1.22"]
[White "Senatov, Boris"]
[Black "Thede, Stefan"]
[Result "1/2-1/2"]
[WhiteElo "1404"]
[BlackElo "1646"]
[PlyCount "113"]
[EventDate "2016.??.??"]
[WhiteTeam "SC Heusenstamm"]
[BlackTeam "SV Frankfurt Nord"]

1. e4 g6 2. d4 Bg7 3. Nc3 d6 4. Nf3 Nf6 5. Be2 O-O 6. O-O c6 7. Bg5 Qc7 8. Re1
e5 9. dxe5 dxe5 10. Qd2 Be6 11. Rad1 Nbd7 12. Qd6 Qa5 13. b4 Qa3 14. Qd2 a5 15.
b5 Rad8 16. h3 Qc5 17. Qe3 Qxe3 18. Bxe3 Nh5 19. Nh2 Nf4 20. Bg4 f5 21. exf5
gxf5 22. Be2 Nxe2+ 23. Rxe2 Nf6 24. Rxd8 Rxd8 25. Bb6 Re8 26. bxc6 bxc6 27.
Bxa5 e4 28. Rd2 Nd5 29. Ne2 Ra8 30. c4 Rxa5 31. cxd5 Rxd5 32. Rc2 Rd1+ 33. Nf1
Bd7 34. g3 Kf7 35. Kg2 Rd3 36. Ne3 Ke7 37. Nc1 Rc3 38. Nb3 Rxc2 39. Nxc2 Kd6
40. h4 c5 41. Ne3 Be6 42. Nd2 Bd4 43. Nec4+ Kc6 44. Kf1 Kb5 45. Nd6+ Kb4 46. g4
fxg4 47. N6xe4 Bxa2 48. f3 Be6 49. Ng5 Bf5 50. fxg4 Bxg4 51. Nxh7 Bf5 52. Ng5
Bd3+ 53. Ke1 Bc3 54. Kd1 Bxd2 55. Kxd2 c4 56. h5 Kb3 57. Kc1 1/2-1/2

[Event "Sparkassen-Open B"]
[Site "Heusenstamm, Martinsee"]
[Date "2016.11.27"]
[Round "1.23"]
[White "Werner, Tom"]
[Black "Westhof, Benedikt"]
[Result "0-1"]
[WhiteElo "1667"]
[BlackElo "1364"]
[PlyCount "78"]
[EventDate "2016.??.??"]
[WhiteTeam "VSG Offenbach"]
[BlackTeam "SC Heusenstamm"]

1. e4 e5 2. Nf3 Nf6 3. Nc3 Nc6 4. Bc4 Bc5 5. d3 h6 6. O-O O-O 7. Be3 Bxe3 8.
fxe3 d6 9. Qd2 Na5 10. Nd5 Nxd5 11. exd5 Nxc4 12. dxc4 f5 13. Qf2 Bd7 14. Qh4
Qf6 15. Qxf6 Rxf6 16. Nd2 Raf8 17. c3 b5 18. cxb5 Bxb5 19. c4 Be8 20. e4 fxe4
21. Nxe4 Rf4 22. Rae1 Bg6 23. Nd2 Rd4 24. Rxf8+ Kxf8 25. Rf1+ Ke7 26. Rf2 Bd3
27. b3 Rf4 28. Rxf4 exf4 29. Kf2 Kf6 30. Kf3 Kf5 31. g4+ Ke5 32. h4 g5 33. hxg5
hxg5 34. Kf2 Be4 35. a4 Kd4 36. b4 Kd3 37. Nxe4 Kxe4 38. b5 Kd4 39. c5 Kxc5 0-1

[Event "Sparkassen-Open B"]
[Site "Heusenstamm, Martinsee"]
[Date "2016.11.27"]
[Round "1.24"]
[White "Werner, Rosalie"]
[Black "Baranyai-Molnar, Adam-Kristof"]
[Result "0-1"]
[WhiteElo "1380"]
[BlackElo "1663"]
[PlyCount "131"]
[EventDate "2016.??.??"]
[WhiteTeam "VSG Offenbach"]
[BlackTeam "SF Neuberg"]

1. e4 e5 2. Nf3 Nc6 3. Bb5 a6 4. Bxc6 dxc6 5. d4 exd4 6. Qxd4 Qxd4 7. Nxd4 c5
8. Nf3 Bg4 9. Nbd2 f6 10. O-O O-O-O 11. h3 Be6 12. Re1 g6 13. Nb3 b6 14. Bf4
Bg7 15. Rad1 Ne7 16. Rxd8+ Rxd8 17. e5 Bxb3 18. axb3 Nd5 19. Bg3 fxe5 20. Bxe5
Bxe5 21. Nxe5 Nb4 22. c3 Nd3 23. Nxd3 Rxd3 24. g3 Kd7 25. Kf1 Rd2 26. Re2 Rd5
27. c4 Rd4 28. Ke1 Kd6 29. Rd2 Ke5 30. Ke2 b5 31. f4+ Ke4 32. cxb5 Rxd2+ 33.
Kxd2 axb5 34. Ke2 h5 35. h4 c6 36. Kf2 Kd3 37. Kf3 Kc2 38. g4 hxg4+ 39. Kxg4
Kxb2 40. h5 gxh5+ 41. Kxh5 c4 42. f5 c3 43. f6 c2 44. f7 c1=Q 45. f8=Q Qh1+ 46.
Kg6 Qe4+ 47. Kg7 Kxb3 48. Qf7+ Qd5 49. Qe7 Qc4 50. Qg5 c5 51. Qg2 b4 52. Qh1
Qc2 53. Qd5+ c4 54. Kf8 Kb2 55. Qe5+ Ka3 56. Qa1+ Kb3 57. Qe1 c3 58. Qa1 Qf2+
59. Ke7 Qc5+ 60. Ke6 c2 61. Qc1 Ka2 62. Kd7 b3 63. Ke6 b2 64. Qf1 b1=Q 65. Qa6+
Qa3 66. Qe2 0-1

[Event "Sparkassen-Open B"]
[Site "Heusenstamm, Martinsee"]
[Date "2016.11.27"]
[Round "1.25"]
[White "Kail, Thomas"]
[Black "Ebeling, Gereon"]
[Result "1-0"]
[WhiteElo "1658"]
[BlackElo "1356"]
[PlyCount "92"]
[EventDate "2016.??.??"]
[WhiteTeam "SK Klingenberg"]
[BlackTeam "SK Mainaschaff"]

1. e4 e5 2. Nf3 Nc6 3. d4 exd4 4. Nxd4 Bb4+ 5. c3 Bc5 6. Be3 Bb6 7. Nxc6 bxc6
8. Bxb6 cxb6 9. Nd2 d5 10. Be2 dxe4 11. Nxe4 Bf5 12. Nd6+ Kf8 13. Nxf5 Qg5 14.
Qd6+ Ne7 15. Qxe7+ Qxe7 16. Nxe7 Kxe7 17. O-O-O Rad8 18. Rhe1 Rxd1+ 19. Bxd1+
Kf6 20. Kc2 Rd8 21. Bf3 c5 22. a4 Rd6 23. b3 Rd8 24. Re3 h6 25. Be4 Re8 26. Bd3
Rxe3 27. fxe3 Ke5 28. Kd2 f5 29. g3 g5 30. Ke2 f4 31. exf4+ gxf4 32. Kf3 fxg3
33. hxg3 h5 34. Bg6 Kd5 35. Ke3 c4 36. b4 a6 37. Bxh5 b5 38. Bf3+ Ke5 39. a5
Kf5 40. Bb7 Kg4 41. Bxa6 Kxg3 42. Bxb5 Kg2 43. a6 Kf1 44. Bxc4+ Kg1 45. a7 Kg2
46. a8=Q+ Kg1 1-0

[Event "Sparkassen-Open B"]
[Site "Heusenstamm, Martinsee"]
[Date "2016.11.27"]
[Round "1.26"]
[White "Hänselmann, Hendrik"]
[Black "Schäfer, Gerhard"]
[Result "0-1"]
[WhiteElo "1337"]
[BlackElo "1648"]
[PlyCount "120"]
[EventDate "2016.??.??"]
[WhiteTeam "Karlsruher SF"]
[BlackTeam "SK Hofgeismar"]

1. e4 c5 2. Nf3 e6 3. d4 cxd4 4. Nxd4 a6 5. Nc3 Qc7 6. Be2 Bb4 7. O-O Bxc3 8.
bxc3 Qxc3 9. Bg5 Qc5 10. Be3 Qc7 11. f4 Nf6 12. Bf3 d6 13. Qd2 Nc6 14. Rae1 O-O
15. Qf2 Bd7 16. Nxc6 Bxc6 17. Bb6 Qe7 18. e5 Nd7 19. Bxc6 bxc6 20. Rd1 d5 21.
Be3 c5 22. c3 Rfc8 23. Qg3 f5 24. Rb1 Rab8 25. Bf2 Rb5 26. Qh3 Rcb8 27. Rxb5
Rxb5 28. Bh4 Qf7 29. Bg5 Rb2 30. Rf2 Rb1+ 31. Rf1 Rb8 32. Rf3 h6 33. Bh4 Nf8
34. Bf2 Rb1+ 35. Be1 Rxe1+ 36. Kf2 Ra1 37. Rg3 Rxa2+ 38. Ke1 Kh7 39. Rd3 Qb7
40. Qf3 Qb2 41. Rd1 Qxg2 42. Qxg2 Rxg2 43. Ra1 Rg1+ 44. Kf2 Rxa1 45. Ke3 a5 46.
Kd3 Ra2 47. h4 a4 48. h5 c4+ 49. Ke3 a3 50. Kf3 Rh2 51. Kg3 Rxh5 52. Kf3 a2 53.
Kg3 Rh1 54. Kg2 Rc1 55. Kf3 Rxc3+ 56. Ke2 a1=R 57. Kd2 Rh3 58. Kc2 Ra2+ 59. Kb1
Rg2 60. Kc1 Rh1# 0-1